000 00343nam a2200121Ia 4500
008 190722s9999 xx 000 0 und d
020 _a978-81-265-5721-9
100 _aStefano Basagni, Stojmenovic
245 0 _aMobile Ad Hoc Networking Cutting Edge Directions
260 _aNew Delhi
_bWiley India Pvt Ltd.
_c2015
300 _a864
942 _cBK
999 _c300
_d300